[Event "Moscow Open A 2015"]
[Site "Moscow RUS"]
[Date "2015.02.04"]
[Round "5.65"]
[White "Zude, Erik"]
[Black "Igonin, Temur"]
[Result "1-0"]
[WhiteTitle "IM"]
[BlackTitle "FM"]
[WhiteElo "2378"]
[BlackElo "2274"]
[WhiteFideId "4604644"]
[BlackFideId "14203049"]
[EventDate "2015.01.31"]

1. Nf3 d5 2. g3 Bg4 3. Bg2 c6 4. O-O Nd7 5. d3 Ngf6 6. c4 e6 7. cxd5 exd5 8. Nc3
Bc5 9. Qb3 Qc8 10. h3 Bh5 11. e4 dxe4 12. dxe4 O-O 13. Bf4 Re8 14. Nh4 Ne5 15.
Bxe5 Rxe5 16. Kh2 Re8 17. f4 Bd4 18. Nf5 Qd7 19. Nxd4 Qxd4 20. e5 Nd7 21. g4
Bxg4 22. hxg4 Re6 23. Rad1 Qe3 24. Rf3 1-0

[Event "Moscow Open A 2015"]
[Site "Moscow RUS"]
[Date "2015.02.04"]
[Round "5.66"]
[White "Babikov, Ivan"]
[Black "Vdovin, Vadim"]
[Result "1-0"]
[WhiteTitle "FM"]
[BlackTitle "FM"]
[WhiteElo "2279"]
[BlackElo "2377"]
[WhiteFideId "4161106"]
[BlackFideId "24107158"]
[EventDate "2015.01.31"]

1. e4 e5 2. Nf3 Nc6 3. Bc4 Nf6 4. d4 exd4 5. e5 d5 6. Bb5 Ne4 7. Nxd4 Bc5 8. O-O
O-O 9. Bxc6 bxc6 10. Nxc6 Qh4 11. Be3 Bxe3 12. fxe3 Qg5 13. Rf4 Bh3 14. Qf3 Bd7
15. h4 Qh6 16. Ne7+ Kh8 17. Nxd5 Nc5 18. Nbc3 c6 19. Rc4 cxd5 20. Rxc5 Qb6 21.
Qxd5 Be6 22. Na4 Qa6 23. Qc6 Qe2 24. Qf3 Qa6 25. Qc6 Qe2 26. Qf3 Qa6 27. Nc3 Qb6
28. Rb5 Qc7 29. Qb7 Qd8 30. Qe4 a6 31. Rb7 f5 32. Qc6 1-0

[Event "Moscow Open A 2015"]
[Site "Moscow RUS"]
[Date "2015.02.04"]
[Round "5.67"]
[White "Appolonov, Sergey"]
[Black "Naghdiyev, Niyazi"]
[Result "1-0"]
[WhiteTitle "IM"]
[WhiteElo "2370"]
[BlackElo "2266"]
[WhiteFideId "4116291"]
[BlackFideId "13405519"]
[EventDate "2015.01.31"]

1. Nf3 Nf6 2. c4 e6 3. Nc3 Bb4 4. g3 b6 5. Bg2 Bb7 6. O-O O-O 7. Qc2 Bxc3 8.
Qxc3 d6 9. b3 Qe7 10. Bb2 c5 11. d4 Nc6 12. Rad1 Rfd8 13. d5 exd5 14. cxd5 Nb4
15. Nh4 Nxa2 16. Qd2 Ne8 17. Nf5 Qf8 18. Bxg7 Nxg7 19. Nh6+ Kh8 20. Qxa2 Ne8 21.
Qb2+ f6 22. Qd2 Bc8 23. Be4 Ng7 24. Bb1 Qe7 25. Rfe1 Rf8 26. Qd3 Ne8 27. Qf3 Qe5
28. h4 Ng7 29. Rd3 Bb7 30. Red1 f5 31. Re3 Qf6 32. Qf4 Rae8 33. Rxe8 Rxe8 34.
Qxd6 Rf8 35. Qxf6 Rxf6 36. d6 Ne6 37. Nxf5 Nd8 38. e4 Re6 39. f3 a5 40. Bd3 Bc6
41. Bc4 Re5 42. Ne7 Bd7 43. Bd5 a4 44. f4 Rh5 45. Ra1 axb3 46. Ra8 b2 47. Rxd8+
Kg7 48. Ba2 Be6 49. Bb1 c4 50. d7 Bxd7 51. Rxd7 Rc5 52. Nd5+ Kf8 53. Rc7 Ra5 54.
Rxc4 Ra1 55. Nc3 b5 56. Rb4 1-0

[Event "Moscow Open A 2015"]
[Site "Moscow RUS"]
[Date "2015.02.04"]
[Round "5.68"]
[White "Drygalov, Sergey"]
[Black "Kanter, Eduard"]
[Result "1-0"]
[BlackTitle "IM"]
[WhiteElo "2269"]
[BlackElo "2369"]
[WhiteFideId "24171743"]
[BlackFideId "4103963"]
[EventDate "2015.01.31"]

1. e4 c5 2. Nf3 d6 3. d4 cxd4 4. Nxd4 Nf6 5. Nc3 a6 6. Be3 e5 7. Nb3 Be7 8. f3
O-O 9. Qd2 Be6 10. O-O-O b5 11. g4 Nbd7 12. g5 Ne8 13. Nd5 Bxd5 14. exd5 b4 15.
Kb1 a5 16. h4 Nb6 17. h5 a4 18. Nc1 Ra5 19. Bxb6 Qxb6 20. Rh4 Qd8 21. Rg4 f5 22.
gxf6 Nxf6 23. Rxb4 Nxh5 24. Bd3 Nf4 25. Be4 Qd7 26. a3 Rb5 27. Na2 Rfb8 28. c4
R5b7 29. Rxb7 Qxb7 30. c5 Bd8 31. c6 Qb5 32. Qc2 h6 33. Nc3 Qb3 34. Nxa4 Qxa3
35. c7 Bxc7 36. Qxc7 Qb4 37. Rg1 1-0

[Event "Moscow Open A 2015"]
[Site "Moscow RUS"]
[Date "2015.02.04"]
[Round "5.69"]
[White "Mirzoev, Emil"]
[Black "Aliyev, Rasim"]
[Result "1-0"]
[WhiteElo "2362"]
[BlackElo "2257"]
[WhiteFideId "14108640"]
[BlackFideId "13401084"]
[EventDate "2015.01.31"]

1. e4 c6 2. Nc3 d5 3. Nf3 Bg4 4. h3 Bxf3 5. Qxf3 d4 6. Ne2 e6 7. Qb3 b6 8. d3 e5
9. c3 dxc3 10. Qxc3 Bd6 11. g3 Qe7 12. a3 Nf6 13. Bg2 O-O 14. O-O c5 15. Qe1 Nc6
16. Nc3 h6 17. Be3 Rad8 18. f4 Bb8 19. Rd1 Rd7 20. f5 Rfd8 21. Nd5 Qd6 22. g4
Ne7 23. Nc3 Qc6 24. Qe2 b5 25. h4 b4 26. Na2 h5 27. gxh5 Qb5 28. h6 Nc6 29. hxg7
Nd4 30. Qd2 Nb3 31. Qf2 Rxd3 32. Rde1 a5 33. Bg5 Qc6 34. h5 R8d7 35. Qh4 Nh7 36.
f6 bxa3 37. bxa3 c4 38. Qg4 Ba7+ 39. Kh1 c3 40. Nc1 Nxc1 41. Rxc1 c2 42. Rce1
Qc3 43. Kh2 Bf2 44. Rxf2 Qxe1 45. Rxc2 Rd8 46. Bh4 Qe3 47. Qf5 Qd4 48. Rc7 Rd7
49. Rxd7 Qxd7 50. Qxe5 Qd6 51. Qxd6 Rxd6 52. e5 Rd4 53. Kg3 Ra4 54. Bd5 Rxa3+
55. Kf4 Ra4+ 56. Be4 Ra1 57. e6 fxe6 58. h6 Rf1+ 59. Ke5 a4 60. Kxe6 a3 1-0

[Event "Moscow Open A 2015"]
[Site "Moscow RUS"]
[Date "2015.02.04"]
[Round "5.70"]
[White "Shapiro, David"]
[Black "Sadovsky, Artem"]
[Result "0-1"]
[WhiteTitle "FM"]
[WhiteElo "2252"]
[BlackElo "2362"]
[WhiteFideId "24133523"]
[BlackFideId "4155840"]
[EventDate "2015.01.31"]

1. e4 g6 2. d4 Bg7 3. Nc3 c6 4. Nf3 d5 5. h3 dxe4 6. Nxe4 Nd7 7. Bd3 Ngf6 8.
Nxf6+ Nxf6 9. O-O O-O 10. c3 Qc7 11. Re1 c5 12. dxc5 Qxc5 13. Be3 Qc7 14. Bd4
Rd8 15. Qe2 Nd5 16. Bxg7 Kxg7 17. Bc4 e6 18. Rad1 Nf4 19. Qe4 f5 20. Qe5+ Qxe5
21. Nxe5 Rxd1 22. Rxd1 Kf6 23. Nd3 Nxd3 24. Rxd3 Ke7 25. f4 b5 26. Bb3 a5 27. a3
Bb7 28. Re3 Be4 29. Re2 Rd8 30. a4 b4 31. cxb4 axb4 32. Bc4 Rd1+ 33. Kf2 Kd6 34.
b3 Bd5 35. Bxd5 exd5 36. Ra2 Rd3 37. a5 Kc7 38. a6 Kb8 39. Re2 Ka7 40. Re7+ Kxa6
41. Rxh7 Rxb3 42. Rg7 Rb2+ 43. Kg3 b3 44. Rxg6+ Kb5 45. Rg8 Rc2 46. Kh4 b2 47.
Rb8+ Kc4 48. g4 Kc3 49. Kg5 Rc1 50. Rc8+ Kd4 0-1

[Event "Moscow Open A 2015"]
[Site "Moscow RUS"]
[Date "2015.02.04"]
[Round "5.71"]
[White "Smirnov, Timofey"]
[Black "Ovchinnikov, Vsevolod"]
[Result "1/2-1/2"]
[BlackTitle "FM"]
[WhiteElo "2358"]
[BlackElo "2249"]
[WhiteFideId "24176427"]
[BlackFideId "24176842"]
[EventDate "2015.01.31"]

1. e4 e6 2. d4 d5 3. Nc3 Bb4 4. e5 c5 5. a3 Bxc3+ 6. bxc3 Qc7 7. Qg4 f5 8. Qg3
Nc6 9. Nf3 cxd4 10. cxd4 Nge7 11. Bd2 O-O 12. Bd3 Bd7 13. h4 f4 14. Qg5 h6 15.
Qh5 Be8 16. Qg4 Nxd4 17. Nxd4 Qxe5+ 18. Kf1 Qxd4 19. Qxe6+ Bf7 20. Qe1 Nc6 21.
Rb1 Rae8 22. Qc1 Ne5 23. Bb5 Rc8 24. c3 Qe4 25. Rb4 Nc4 26. Bxc4 dxc4 27. f3
Qd3+ 28. Kf2 Rfe8 29. Re1 Rxe1 30. Bxe1 Re8 31. Qd2 Qe3+ 32. Qxe3 fxe3+ 33. Ke2
b6 34. Bg3 Rd8 35. Be5 Rd2+ 36. Kxe3 Rxg2 37. Bd4 Rg6 38. a4 Re6+ 39. Kf4 Re7
40. a5 bxa5 41. Ra4 Bd5 42. Rxa5 Rf7+ 43. Kg3 Bxf3 44. Rxa7 Rxa7 45. Bxa7 1/2-1/2

[Event "Moscow Open A 2015"]
[Site "Moscow RUS"]
[Date "2015.02.04"]
[Round "5.72"]
[White "Bikuzhin, Maksim"]
[Black "Rodchenkov, Vitaly"]
[Result "1/2-1/2"]
[BlackTitle "FM"]
[WhiteElo "2241"]
[BlackElo "2356"]
[WhiteFideId "24128015"]
[BlackFideId "4152964"]
[EventDate "2015.01.31"]

1. e4 d6 2. d4 Nf6 3. Nc3 e5 4. Nf3 Nbd7 5. Bc4 Be7 6. O-O O-O 7. a4 c6 8. Re1
a5 9. h3 Qc7 10. Be3 Nb8 11. Bf1 Na6 12. Nd2 exd4 13. Bxd4 Nd7 14. Nc4 Re8 15.
Qd2 Bf8 16. Qg5 Nac5 17. Qg3 Ne5 18. Rad1 Nxc4 19. Bxc4 Qb6 20. f4 Qb4 21. b3
Be6 22. Bf1 f5 23. e5 d5 24. Kh1 Nd7 25. Bf2 Qe7 26. Ne2 Nc5 27. Bxc5 Qxc5 28.
Nd4 g6 29. c4 Rad8 30. Nxe6 Rxe6 31. cxd5 cxd5 32. Rc1 Qb4 33. Rc7 Rc6 34. Rc1
Rxc1 35. Rxc1 Bc5 36. Qc3 Qxc3 37. Rxc3 b6 38. g3 Kf7 39. Kg2 Ke6 40. Kf3 h6 41.
Bd3 g5 42. Rc2 Rg8 43. g4 1/2-1/2

[Event "Moscow Open A 2015"]
[Site "Moscow RUS"]
[Date "2015.02.04"]
[Round "5.73"]
[White "Kazakovskiy, Valeriy"]
[Black "Komissarov, Alexey"]
[Result "1/2-1/2"]
[WhiteElo "2354"]
[BlackElo "2205"]
[WhiteFideId "13507443"]
[BlackFideId "4176545"]
[EventDate "2015.01.31"]

1. e4 c5 2. Nf3 d6 3. d4 cxd4 4. Nxd4 Nf6 5. Nc3 g6 6. Be3 Bg7 7. f3 Nc6 8. Qd2
O-O 9. Bc4 Bd7 10. O-O-O Rb8 11. Bb3 Na5 12. Bh6 Bxh6 13. Qxh6 b5 14. h4 Nxb3+
15. Nxb3 b4 16. Nd5 Nxd5 17. exd5 f6 18. Rhe1 Rf7 19. Rd2 Rb5 20. Qe3 Qa8 21.
Qe4 Bf5 22. Qc4 Qb7 23. g4 Bd7 24. Qe4 f5 25. Qd4 a5 26. h5 g5 27. Kb1 fxg4 28.
fxg4 Rf4 29. Qe3 Bxg4 30. Rg1 Qd7 31. Nd4 Rxd5 32. Qb3 e6 33. Nxe6 Rxd2 34.
Nxf4+ Qf7 35. Kc1 Qxb3 36. axb3 Rd1+ 37. Rxd1 Bxd1 38. Ne6 Bxh5 39. Nxg5 Bg6 40.
c3 h5 41. Kd2 h4 42. cxb4 axb4 43. Ke3 Bc2 44. Kf4 Bxb3 45. Kg4 Kg7 46. Kxh4 Kf6
47. Kg4 Ke5 48. Kf3 Kd4 49. Ke2 Bc2 50. Kd2 Bf5 51. Nf3+ Kc4 52. Nh2 Kb3 53. Kc1
Be4 54. Nf1 d5 55. Nd2+ Ka2 56. Nf1 Kb3 57. Nd2+ Ka4 58. Nf1 d4 59. Nd2 Bd5 60.
Nf1 Kb5 61. Kd2 Kc4 62. Kc2 Be4+ 63. Kd2 Bg2 64. Ng3 Kd5 65. Ne2 Ke4 66. Ng3+
Kf4 67. Ne2+ Ke5 68. Nc1 Bf1 69. Ke1 Bc4 70. Kd2 Ke4 71. b3 Be6 1/2-1/2

[Event "Moscow Open A 2015"]
[Site "Moscow RUS"]
[Date "2015.02.04"]
[Round "5.74"]
[White "Tillyaev, Ulugbek"]
[Black "Lkhamsuren, Uuganbayar"]
[Result "0-1"]
[WhiteTitle "FM"]
[BlackTitle "WFM"]
[WhiteElo "2404"]
[BlackElo "2106"]
[WhiteFideId "14202441"]
[BlackFideId "4901347"]
[EventDate "2015.01.31"]

1. e4 c6 2. Nc3 d5 3. Nf3 dxe4 4. Nxe4 Bf5 5. Qe2 e6 6. d3 Bb4+ 7. c3 Be7 8. Nd4
Bg6 9. g3 Nf6 10. f4 Nxe4 11. dxe4 e5 12. fxe5 O-O 13. h4 c5 14. h5 cxd4 15.
hxg6 fxg6 16. Qh2 h5 17. g4 dxc3 18. gxh5 g5 19. Bc4+ Kh7 20. bxc3 Qc8 21. h6 g6
22. Qe2 b5 23. Bd5 Qxc3+ 24. Kd1 Qxa1 25. Bxa8 Rc8 26. Qb2 Qxb2 27. Bxb2 Nc6 28.
Bb7 Rc7 29. Bxc6 Rxc6 30. Kd2 Ra6 31. Kc2 Rxa2 32. Kb3 Ra4 33. Rf1 Kxh6 0-1

[Event "Moscow Open A 2015"]
[Site "Moscow RUS"]
[Date "2015.02.04"]
[Round "5.75"]
[White "Ofitserian, Boris"]
[Black "Nikologorskiy, Konstantin"]
[Result "0-1"]
[WhiteTitle "FM"]
[BlackTitle "FM"]
[WhiteElo "2283"]
[BlackElo "2414"]
[WhiteFideId "24199443"]
[BlackFideId "24111708"]
[EventDate "2015.01.31"]

1. e4 c5 2. Nf3 d6 3. d4 cxd4 4. Nxd4 Nf6 5. Nc3 a6 6. h3 e5 7. Nde2 h5 8. Bg5
Be7 9. Ng3 g6 10. Bc4 Be6 11. Bb3 Nbd7 12. Qd2 Rc8 13. O-O h4 14. Nge2 Nc5 15.
Bxf6 Bxf6 16. Rad1 Rc6 17. Bxe6 Nxe6 18. Nd5 Bg5 19. Qd3 O-O 20. c3 Nc5 21. Qf3
Qc8 22. Nc1 Kg7 23. Nd3 f5 24. Nxc5 Rxc5 25. exf5 Rxf5 26. Qe4 Qc6 27. Rfe1 Rc4
28. Qe2 a5 29. b3 Rc5 30. c4 b5 31. cxb5 Rxb5 32. Nc7 Rb4 33. Nd5 Rb8 34. Qe4
Rbf8 35. Re2 R8f7 36. Rc2 Qa8 37. Qc4 Qa7 38. Rf1 Bf4 39. Kh1 Bg3 40. f3 Qb7 41.
Rd1 Kh7 42. a3 Qa7 43. b4 axb4 44. axb4 Qd7 45. b5 Qe8 46. Re2 Qe6 47. b6 Kh6
48. Qb5 Qc8 49. Qd3 Kh7 50. Rc2 Qb7 51. Kg1 e4 52. fxe4 Rxd5 53. Qxd5 Qxb6+ 54.
Kh1 Qa7 55. Ra2 Qe7 56. Rda1 Kh6 57. Ra8 Qf6 58. Qd2+ g5 59. Qe2 Be5 60. Rg1 Qf4
61. g3 hxg3 62. Ra3 Bd4 63. Raxg3 Bxg1 64. Rxg1 Qe5 65. Rg4 Rb7 66. Rg2 Rb1+ 67.
Rg1 Rb2 0-1

[Event "Moscow Open A 2015"]
[Site "Moscow RUS"]
[Date "2015.02.04"]
[Round "5.76"]
[White "Askerov, Marat"]
[Black "Tologontegin, Semetey"]
[Result "0-1"]
[BlackTitle "FM"]
[WhiteElo "2283"]
[BlackElo "2404"]
[WhiteFideId "24175200"]
[BlackFideId "13800574"]
[EventDate "2015.01.31"]

1. d4 g6 2. c4 Bg7 3. Nf3 d6 4. g3 e5 5. Nc3 exd4 6. Nxd4 Ne7 7. Bg2 O-O 8. O-O
Nbc6 9. e3 Re8 10. Qd2 Nxd4 11. exd4 Nc6 12. d5 Ne5 13. b3 Qf6 14. Qf4 Bf5 15.
Bd2 h6 16. Kh1 g5 17. Qd4 Qg6 18. f4 Nd3 19. Qg1 g4 20. Nb5 Re2 21. Bc3 Rxg2 22.
Qxg2 Be4 23. f5 Bxg2+ 24. Kxg2 Qg5 25. f6 Re8 0-1

[Event "Moscow Open A 2015"]
[Site "Moscow RUS"]
[Date "2015.02.04"]
[Round "5.77"]
[White "Ageichenko, Genadi A"]
[Black "Kalashnikov, Konstantin"]
[Result "0-1"]
[WhiteTitle "IM"]
[BlackTitle "IM"]
[WhiteElo "2269"]
[BlackElo "2380"]
[WhiteFideId "4105222"]
[BlackFideId "4136004"]
[EventDate "2015.01.31"]

1. d4 Nf6 2. Nf3 g6 3. g3 Bg7 4. Bg2 O-O 5. c4 d6 6. O-O Nc6 7. Nc3 Bf5 8. Nh4
Bd7 9. b3 a6 10. Bb2 Rb8 11. Rc1 h6 12. Nd5 Nh7 13. Qd2 e6 14. Nf4 Ne7 15. Nf3
Nf6 16. Rfd1 g5 17. Nd3 Bc6 18. Nb4 Be4 19. Ne1 Bxg2 20. Nxg2 d5 21. Qc2 c6 22.
Nd3 Nf5 23. Ne5 Nd6 24. Ne1 Re8 25. N1d3 Bf8 26. e3 Nh7 27. Nc5 Nf6 28. Qe2 Nde4
29. Nxe4 Nxe4 30. f3 Nf6 31. e4 Bg7 32. Rf1 Qe7 33. Rcd1 Rbd8 34. Bc3 c5 35.
dxc5 Qxc5+ 36. Bd4 Qc7 37. Bb2 Nxe4 38. fxe4 Bxe5 39. Bxe5 Qxe5 40. Qf3 Re7 41.
exd5 exd5 42. Rxd5 Rxd5 43. cxd5 Rd7 44. Rd1 Rd6 45. Qd3 Kg7 46. Kg2 h5 47. a4
f5 48. Rd2 Kf6 49. Qc4 Qe4+ 50. Kf2 Qh1 51. Ke3 Qe1+ 52. Kd3 Qe5 53. Kc2 Rd7 54.
Kb1 Rc7 55. Qf1 Rc3 56. Ka2 Re3 57. Qc4 Re1 58. Rb2 Rd1 59. Qc8 Qxd5 60. Qh8+
Kg6 61. h4 Rd4 62. Ka3 gxh4 63. gxh4 Rxh4 64. Re2 Re4 65. Rg2+ Rg4 66. Re2 Qc5+
67. Ka2 Rxa4+ 68. bxa4 Qc4+ 69. Ka3 Qxe2 70. Qg8+ Kf6 71. Qf8+ Kg5 72. Qg7+ Kf4
73. Qh6+ Kg3 74. Qg7+ Qg4 75. Qe5+ f4 76. Qe1+ Kg2 77. Qd2+ Kh3 78. a5 f3 79.
Qf2 Qg3 80. Qf1+ Kh2 0-1

[Event "Moscow Open A 2015"]
[Site "Moscow RUS"]
[Date "2015.02.04"]
[Round "5.78"]
[White "Mirzaev, Aziz"]
[Black "Faizrakhmanov, Ramil"]
[Result "0-1"]
[WhiteTitle "FM"]
[BlackTitle "FM"]
[WhiteElo "2268"]
[BlackElo "2371"]
[WhiteFideId "4116224"]
[BlackFideId "24103209"]
[EventDate "2015.01.31"]

1. d4 Nf6 2. c4 e6 3. g3 Bb4+ 4. Bd2 a5 5. Bg2 O-O 6. Nf3 b6 7. Ne5 Ra7 8. O-O
d6 9. Nd3 Bxd2 10. Qxd2 Ba6 11. Na3 c5 12. Ne1 cxd4 13. Qxd4 d5 14. Nb5 Bxb5 15.
cxb5 Qd6 16. Nd3 Rc7 17. b3 Nbd7 18. f4 Qe7 19. Rfc1 Rfc8 20. Qb2 h6 21. a4 Ne4
22. Rxc7 Rxc7 23. Rc1 Rxc1+ 24. Qxc1 Nec5 25. Qe3 Qf6 26. Bf3 Qc3 27. f5 d4 28.
Qf4 Nxd3 29. exd3 Qe1+ 30. Kg2 e5 31. Qe4 Qxe4 32. Bxe4 Nc5 33. Bd5 Nxd3 34. Bc4
Nc5 35. Kf3 Kf8 0-1

[Event "Moscow Open A 2015"]
[Site "Moscow RUS"]
[Date "2015.02.04"]
[Round "5.79"]
[White "Galoyan, Levon"]
[Black "Savenkov, Konstantin"]
[Result "1-0"]
[WhiteTitle "FM"]
[BlackTitle "FM"]
[WhiteElo "2256"]
[BlackElo "2363"]
[WhiteFideId "13302027"]
[BlackFideId "4138600"]
[EventDate "2015.01.31"]

1. d4 e6 2. c4 f5 3. Nc3 Nf6 4. Nf3 Bb4 5. Bd2 b6 6. g3 Bb7 7. Bg2 O-O 8. O-O
Bxc3 9. Bxc3 d6 10. b3 Nbd7 11. Qc2 Be4 12. Qb2 Qe7 13. Rfd1 Rac8 14. e3 Ba8 15.
Qe2 Ne4 16. Bb2 c5 17. Ne1 Rfd8 18. f3 Nef6 19. Nd3 cxd4 20. exd4 d5 21. Nf4 Re8
22. Rac1 Kf7 23. Re1 g5 24. Nxe6 h6 25. Bh3 Nf8 26. Bxf5 Nxe6 27. Qd3 Qd6 28.
Bg6+ Kg7 29. Bxe8 Rxe8 30. c5 Qd7 31. cxb6 axb6 32. Re5 g4 33. Rf1 Ng5 34. fxg4
Nxg4 35. Rxe8 Qxe8 36. Bc1 Qe4 37. Qxe4 dxe4 38. Bxg5 hxg5 39. Rf5 Kg6 40. Rf8
Bc6 41. Rb8 Kf5 42. Rxb6 Ba8 43. Rb5+ Kf6 44. h3 Ne3 45. g4 Nc2 46. Rf5+ Ke6 47.
Rxg5 Nxd4 48. Kf2 Nc2 49. Rc5 Nb4 50. Rc4 Nd3+ 51. Ke3 Ke5 52. Rc8 Bb7 53. Re8+
Kd6 54. g5 Bc6 55. Rf8 Ke7 56. Rf1 Nb4 57. g6 1-0

[Event "Moscow Open A 2015"]
[Site "Moscow RUS"]
[Date "2015.02.04"]
[Round "5.80"]
[White "Kuprijanov, Anatoly"]
[Black "Rozhko, Dmitry"]
[Result "1-0"]
[BlackTitle "FM"]
[WhiteElo "2248"]
[BlackElo "2354"]
[WhiteFideId "24141143"]
[BlackFideId "4150430"]
[EventDate "2015.01.31"]

1. d4 d5 2. Nf3 c6 3. c4 Nf6 4. e3 Bg4 5. h3 Bxf3 6. Qxf3 e6 7. Nc3 Nbd7 8. Qd1
Bd6 9. Bd2 Qe7 10. Rc1 dxc4 11. Bxc4 e5 12. O-O O-O 13. Bb3 Rad8 14. Ne2 e4 15.
Nf4 Nb6 16. Nh5 Nfd5 17. Ba5 Bc7 18. Bxb6 axb6 19. Qe1 Qg5 20. Bxd5 Qxd5 21. Qe2
f5 22. Qc4 Qxc4 23. Rxc4 b5 24. Rc3 g6 25. Ng3 Rd5 26. Ne2 b4 27. Rb3 Bd6 28. a3
f4 29. exf4 bxa3 30. bxa3 Ra8 31. Rxb7 Rxa3 32. Rc1 c5 33. Nc3 Rf5 34. g3 cxd4
35. Nxe4 Bf8 36. Rd7 d3 37. Rd1 Ra4 38. Nc3 Rc4 39. R1xd3 Bg7 40. Nd5 Rf8 41.
Kg2 Rc2 42. Ne3 Ra2 43. Rb7 Rf7 44. Rd8+ Bf8 45. Rbb8 h5 46. Nc4 Kg7 47. Rbc8 g5
48. Ne5 Rf5 49. Rd7+ Kg8 50. Ng6 1-0

[Event "Moscow Open A 2015"]
[Site "Moscow RUS"]
[Date "2015.02.04"]
[Round "5.81"]
[White "Shtembuliak, Evgeny"]
[Black "Shapkin, Anatoliy"]
[Result "1-0"]
[WhiteTitle "FM"]
[WhiteElo "2352"]
[BlackElo "2236"]
[WhiteFideId "14113325"]
[BlackFideId "34108332"]
[EventDate "2015.01.31"]

1. g3 Nf6 2. Bg2 g6 3. e4 d6 4. d4 Bg7 5. Nc3 O-O 6. Nge2 e5 7. h3 Nc6 8. dxe5
dxe5 9. Be3 Be6 10. Nd5 Nd7 11. Qd2 Ne7 12. O-O-O c6 13. Qb4 cxd5 14. exd5 Nxd5
15. Bxd5 Bxd5 16. Rxd5 Qc7 17. Rhd1 Nf6 18. Rc5 Qe7 19. Qc4 b6 20. Rc7 Qe6 21.
Qxe6 fxe6 22. Nc3 Rf7 23. Rxf7 Kxf7 24. Bg5 Ke8 25. Bxf6 Bxf6 26. Ne4 Be7 27.
Rd3 Rb8 28. a4 Rb7 29. c3 Rc7 30. b3 Rc6 31. Kb2 Rc7 32. Rd2 Kf7 33. b4 Ke8 34.
Kb3 Rc6 35. Ra2 Rc7 36. a5 b5 37. Re2 Rb7 38. Rd2 Rb8 39. Re2 Rb7 40. Nd2 Bd6
41. Nf3 Ke7 42. Nxe5 Bxe5 43. Rxe5 Kd6 44. f4 h6 45. h4 a6 46. Rc5 Rb8 47. c4
bxc4+ 48. Kxc4 Rb7 49. b5 axb5+ 50. Rxb5 Rc7+ 51. Kd4 Rc1 52. Rb6+ Ke7 53. a6
Kf6 54. g4 h5 55. g5+ Kf5 56. Rb5+ Kxf4 57. Ra5 Rc8 58. a7 Ra8 59. Ra4 Kf5 60.
Ke3 e5 61. Kf3 e4+ 62. Ke3 Kg4 63. Rxe4+ Kg3 64. Ra4 Re8+ 65. Kd4 Kxh4 66. a8=Q
Rxa8 67. Rxa8 Kxg5 68. Ke3 Kg4 69. Kf2 g5 70. Kg2 Kf4 71. Ra4+ Kf5 72. Kg3 Ke5
73. Rb4 Kf5 74. Rb5+ Kf6 75. Rc5 Kg6 1-0

[Event "Moscow Open A 2015"]
[Site "Moscow RUS"]
[Date "2015.02.04"]
[Round "5.82"]
[White "Torosyan, Norayr"]
[Black "Ivlev, Aleksey"]
[Result "1/2-1/2"]
[WhiteElo "2349"]
[BlackElo "2231"]
[WhiteFideId "13300431"]
[BlackFideId "24185949"]
[EventDate "2015.01.31"]

1. e4 e5 2. Nf3 Nc6 3. d4 exd4 4. Nxd4 Nf6 5. Nc3 Bb4 6. Nxc6 bxc6 7. Bd3 d5 8.
e5 Ng4 9. Bf4 f6 10. h3 Nxe5 11. Bxe5 fxe5 12. Qh5+ Kf8 13. Qxe5 Bd6 14. Qh5 Qf6
15. O-O g6 16. Qh6+ Kf7 17. f4 Bf8 18. Qg5 Bc5+ 19. Kh1 Qxg5 20. fxg5+ Kg7 21.
Ne2 Be3 22. Rf3 Bxg5 23. Raf1 Be6 24. Nd4 Rhe8 25. Nxe6+ Rxe6 26. Rf7+ Kg8 27.
Rxc7 Bd8 28. Rb7 Bf6 29. b3 a5 30. a4 Rae8 31. g3 Re1 32. Rxe1 Rxe1+ 33. Kg2 Bd4
34. h4 Re3 35. g4 Be5 36. Kf2 Bd4 37. Kg2 Be5 38. Re7 Kf8 39. Rxh7 Rg3+ 40. Kf1
Rxg4 41. h5 gxh5 42. Rxh5 Bg7 1/2-1/2

[Event "Moscow Open A 2015"]
[Site "Moscow RUS"]
[Date "2015.02.04"]
[Round "5.83"]
[White "Golubev, Roman"]
[Black "Klukin, Kirill"]
[Result "0-1"]
[WhiteTitle "FM"]
[WhiteElo "2348"]
[BlackElo "2225"]
[WhiteFideId "14202344"]
[BlackFideId "24199273"]
[EventDate "2015.01.31"]

1. e4 c5 2. Nf3 Nc6 3. d4 cxd4 4. Nxd4 e5 5. Nb5 d6 6. a4 Be6 7. N1c3 a6 8. Na3
Be7 9. Bc4 Nf6 10. Bg5 O-O 11. Bxf6 Bxf6 12. Nd5 Rc8 13. O-O Bg5 14. Qd3 Kh8 15.
c3 f5 16. Ne3 fxe4 17. Qxe4 Bxc4 18. Naxc4 b5 19. Na3 Bxe3 20. fxe3 Qb6 21. axb5
axb5 22. Qd3 Rfd8 23. Nxb5 e4 24. Qe2 Ne5 25. Nd4 d5 26. Ra6 Qb7 27. Re6 Nd3 28.
Nf5 Qxb2 29. Qg4 Qxc3 30. Re7 Rc7 31. Qg5 Rf8 32. Rd1 Rxe7 33. Qxe7 Qf6 34. Qxf6
Rxf6 35. Rb1 h6 36. Nd4 Ne5 37. h3 Kh7 38. Ne2 Nc4 39. Rb3 Nd2 40. Rb5 Rf1+ 41.
Kh2 Nc4 42. Rxd5 Nxe3 43. Rh5 Rf2 44. Nc3 Rxg2+ 45. Kh1 g5 0-1

[Event "Moscow Open A 2015"]
[Site "Moscow RUS"]
[Date "2015.02.04"]
[Round "5.84"]
[White "Bulavin, Alexander"]
[Black "Tenikashvili, Georgij"]
[Result "1/2-1/2"]
[BlackTitle "FM"]
[WhiteElo "2221"]
[BlackElo "2348"]
[WhiteFideId "4178033"]
[BlackFideId "4134605"]
[EventDate "2015.01.31"]

1. e4 c6 2. d4 d5 3. exd5 cxd5 4. Bd3 Nc6 5. c3 Qc7 6. h3 Nf6 7. Ne2 e6 8. Bf4
Bd6 9. Bxd6 Qxd6 10. Nd2 O-O 11. Nf3 Ne4 12. Qc2 f5 13. Bb5 Rb8 14. O-O Nd8 15.
Ne1 Nf7 16. Nd3 a6 17. Ba4 b5 18. Bb3 a5 19. a3 Ba6 20. Nec1 Rfc8 21. Qd1 b4 22.
axb4 Bxd3 23. Qxd3 axb4 24. c4 Nf6 25. c5 Qf4 26. Re1 Ne4 27. Qe3 Qxe3 28. Rxe3
Ra8 29. Rb1 Kf8 30. Re2 1/2-1/2

[Event "Moscow Open A 2015"]
[Site "Moscow RUS"]
[Date "2015.02.04"]
[Round "5.85"]
[White "Kutuzov, Denis"]
[Black "Mukhitdinov, Akmalkhon"]
[Result "1-0"]
[WhiteElo "2336"]
[BlackElo "2218"]
[WhiteFideId "4133617"]
[BlackFideId "24150851"]
[EventDate "2015.01.31"]

1. e4 c5 2. Nf3 Nc6 3. Bb5 e6 4. Bxc6 bxc6 5. d3 Ne7 6. Qe2 Ng6 7. h4 h5 8. e5
f6 9. Qe4 Kf7 10. Nbd2 d5 11. exd6 Qxd6 12. b3 e5 13. Bb2 Be6 14. O-O-O Be7 15.
g3 Rhe8 16. Rde1 Bf8 17. Rhg1 Rad8 18. Nh2 Qd7 19. Qe2 Ne7 20. Qxh5+ g6 21. Qf3
Bd5 22. Ne4 Nf5 23. h5 Bh6+ 24. Kb1 Bxe4 25. hxg6+ Kxg6 26. Qxe4 Kg7 27. Qg4+
Kh7 28. Rh1 Rg8 29. Qe4 Kg7 30. Ng4 Nd6 31. Qf3 Bg5 32. Nxe5 fxe5 33. Bxe5+ Kg6
34. Qh5+ Kf5 35. g4+ Ke6 36. Bc3+ 1-0